SSC Napoli 2024/25 - Statistics

General Stats
  • This quiz has been taken 27 times
  • The average score is 18 of 24
Answer Stats
Shirt number Player % Correct
1 Alex Meret
100%
22 Giovanni Di Lorenzo
92%
8 Scott McTominay
92%
4 Alessandro Buongiorno
88%
7 David Neres
83%
99 Frank Anguissa
83%
81 Giacomo Raspadori
83%
18 Giovanni Simeone
83%
77 Khvicha Kvaratskhelia
83%
37 Leonardo Spinazzola
83%
21 Matteo Politano
83%
11 Romelu Lukaku
83%
68 Stanislav Lobotka
83%
13 Amir Rrahmani
79%
6 Billy Gilmour
79%
5 Juan Jesus
79%
17 Mathías Olivera
75%
30 Pasquale Mazzocchi
75%
26 Cyril Ngonge
58%
25 Elia Caprile
58%
16 Rafa Marín
58%
14 Nikita Contini
50%
90 Michael Folorunsho
42%
23 Alessio Zerbin
38%
No matching quizzes found
Score Distribution
Percent of People with Each Score
Percentile by Number Answered
Your Score History
You have not taken this quiz